Loading...
| History - American | 0 | 2 | 0 | 1 | 20 | 97 | 117.00 | 0 | 2 | 0.00 | 0.00 |
| Pop Culture | 0 | 2 | 0 | 0 | 20 | 99 | 119.50 | 0 | 0 | 0.00 | 0.00 |
| Science - Physics | 0 | 2 | 0 | 0 | 20 | 85 | 117.50 | 0 | 0 | 0.00 | 0.00 |
| History - Other | 0 | 2 | 1 | 2 | 15 | 129 | 131.50 | 0 | 1 | 0.00 | 0.00 |
| Social Science | 0 | 1 | 0 | 0 | 10 | 106 | 106.00 | 0 | 1 | 0.00 | 0.00 |
| Literature - British | 0 | 1 | 0 | 1 | 10 | 149 | 149.00 | 0 | 0 | 0.00 | 0.00 |
| Other Academic | 0 | 1 | 0 | 0 | 10 | 102 | 102.00 | 1 | 1 | 0.00 | 0.00 |
| Science - Biology | 0 | 1 | 0 | 0 | 10 | 129 | 129.00 | 0 | 0 | 0.00 | 0.00 |
| Science - Chemistry | 0 | 1 | 0 | 0 | 10 | 134 | 134.00 | 0 | 1 | 0.00 | 0.00 |
| Literature - World | 1 | 0 | 2 | 0 | 5 | 77 | 77.00 | 1 | 1 | 0.00 | 0.00 |
| Literature - European | 0 | 1 | 1 | 0 | 5 | 143 | 143.00 | 0 | 0 | 0.00 | 0.00 |
| Religion | 0 | 0 | 1 | 0 | -5 | 0.00 | 0 | 0 | 0.00 | 0.00 | |
| History - World | 0 | 0 | 1 | 0 | -5 | 0.00 | 0 | 0 | 0.00 | 0.00 | |
| Fine Arts - Auditory | 0 | 0 | 1 | 0 | -5 | 0.00 | 0 | 0 | 0.00 | 0.00 | |
| Science - Other | 0 | 0 | 1 | 0 | -5 | 0.00 | 0 | 0 | 0.00 | 0.00 |